[Event "EU-chT (Men) 18th"]
[Site "Porto Carras"]
[Date "2011.11.11"]
[Round "9.2"]
[White "Grischuk, Alexander"]
[Black "Lenic, Luka"]
[Result "1-0"]
[WhiteElo "2752"]
[BlackElo "2634"]
[Annotator "Mikhalchishin,A"]
[PlyCount "71"]
[EventDate "2011.11.03"]
[EventType "team-swiss"]
[EventRounds "9"]
[EventCountry "GRE"]
[SourceTitle "CBM 146"]
[Source "ChessBase"]
[SourceDate "2012.01.18"]
[SourceVersion "1"]
[SourceVersionDate "2012.01.18"]
[SourceQuality "1"]
[WhiteTeam "Russia"]
[BlackTeam "Slovenia"]
[WhiteTeamCountry "RUS"]
[BlackTeamCountry "SLO"]

1. e4 e5 2. Nf3 Nc6 3. Bb5 a6 4. Ba4 Nf6 5. O-O b5 6. Bb3 Bc5 7. Nc3 d6 8. Nd5
$5 {A slightly unusual try in the most theoretical line. Generally, just top
players are allowed to break the main rule- don't move the same piece twice in
the opening.} Rb8 {Trying to get away from different pins on the diagonal.
Other moves have to be checked} (8... Bg4 9. c3 Rb8 (9... Nxd5 10. Bxd5 Qd7 11.
h3 Bxf3 12. Qxf3 O-O 13. Qg4 Qe8 14. d4 h5 15. Qg3 exd4 16. Bh6 Qe5 17. f4
dxc3+ 18. Kh1 h4 19. Qg4 Qf6 20. Bg5 Qg6 21. f5 $18 {Chadaev,N (2568)-Krylov,M
(2499)/Moscow RUS 2011}) 10. h3 Bh5 11. Re1 h6 12. d4 Ba7 13. Be3 exd4 14. cxd4
Bxf3 15. Qxf3 Bxd4 $2 (15... Nxd4) 16. e5 $1 dxe5 17. Rac1 Bxe3 18. Rxc6 Bd4
19. Nxf6+ gxf6 20. Rxf6 Rf8 21. Bxf7+ Ke7 22. Re6+ Kd7 23. Qc6+ Kc8 24. Qxa6+
Rb7 25. R6xe5 Bxf2+ 26. Kxf2 Rxf7+ 27. Kg1 Rf6 28. Qa8+ Rb8 29. Qe4 Rf8 30.
Qg4+ {1-0 Chadaev,N (2535)-Huschenbeth,N (2414)/Neustadt 2008}) (8... h6 9. c3
O-O 10. a4 Ba7 11. Nxf6+ Qxf6 12. Bd5 Bd7 13. d4 Bb6 14. Be3 Rab8 15. axb5 axb5
16. dxe5 Nxe5 17. Nxe5 dxe5 18. Bxb6 Qxb6 19. Qh5 c6 20. Ba2 Rbe8 21. Rfd1 Be6
22. Bxe6 Rxe6 23. g3 Rd8 24. Kg2 Ree8 25. Rxd8 Qxd8 26. Rd1 Qe7 27. Qf5 g6 28.
Qd7 Qxd7 29. Rxd7 b4 {1/2 Smirin,I (2676)-Ganguly,S (2627)/Ningbo 2011; and
Black will defend a slightly worse endgame.}) ({Of course, it is a bit strange
that nobody has tried to win a pawn by playing} 8... Nxe4 9. Qe2 Bf5 (9... Nf6
{is very risky:} 10. Nxf6+ gxf6 (10... Qxf6 11. Bd5 Bd7 12. Qe4) 11. Bd5 Bd7
12. d4 $1) 10. d3 Nf6 11. Bg5 Be6 12. c3 Ba7 13. d4 O-O 14. Nxf6+ gxf6 15. Bh6
{with serious compensation for the pawn.}) 9. c3 Nxd5 ({Possible was the
typical Arkhangelsk move} 9... h6) 10. Bxd5 Ne7 11. Bb3 ({It was possible to
start with the central break} 11. d4) 11... O-O 12. d4 exd4 13. cxd4 Bb6 14. h3
h6 15. Re1 ({A typical Spanish flank strategy was not so successfull here:} 15.
a4 c5 16. dxc5 dxc5 17. Bf4 Rb7 18. Qe2 c4) 15... c5 16. Be3 Bb7 $6 {It is not
clear to which diagonal the bishop belongs, so a more cautious strategy was
possible:} (16... c4 17. Bc2 Re8 18. d5 Ng6) 17. Rc1 $6 ({White could create
some unpleasant threats after} 17. dxc5 dxc5 18. Ne5) 17... Rc8 ({It was
possible to return to the previous plan} 17... c4 18. Bc2 Ng6) 18. dxc5 Bxc5 ({
Sadly, it is not possible to capture with the pawn:} 18... dxc5 19. Qxd8 Rfxd8
20. Ne5 Rf8 21. Nd7 Ba5 22. Rf1) 19. Nh4 $5 ({Slightly better here was the
central move with the bishop, but Grischuk wants to develop his initiative on
the kingside.} 19. Bd4) 19... Qb6 $2 ({It was much better was to start some
simplifications:} 19... Bxe3 20. Rxe3 Rxc1 21. Qxc1 d5 22. Rd3 Qd6 23. Nf3 a5
24. Qd2 a4 25. Bxd5 Bxd5 26. exd5 Rc8 {with next ...Rc5, returning back the
pawn.}) 20. Rc3 $1 Rcd8 ({It would be better to deflect the dangerous bishop
b3:} 20... a5) 21. Qh5 ({It was not bad to exchange this unfortunate knight:} 
21. Nf5 Nxf5 22. exf5 Be4 23. f6) 21... Bxe3 22. Rcxe3 ({A very tempting
option was to try to bring both white rooks to the kingside:} 22. Rexe3) 22...
d5 {A natural central counterstrike.} 23. Rg3 Kh8 ({After} 23... Ng6 {White
had few good options as} 24. e5 (24. Nf5)) 24. exd5 $6 (24. Rd1 {would be very
strong.}) 24... Nxd5 25. Nf5 (25. Qf5 {would not be dangerous because of} Qd4)
25... Nf4 ({Black was suffering after} 25... Qf6 26. Nxg7 Nf4 27. Qf5 Qxf5 28.
Nxf5 Rd2 29. Kf1 Rxb2 30. Nxh6) 26. Qg4 Ng6 ({Another defence led to an
endgame with a pawn down:} 26... g5 27. h4 Rfe8 28. Rxe8+ Rxe8 29. Re3 Rxe3 30.
fxe3 Bc8 31. hxg5 hxg5 32. Qxg5 Bxf5 33. Qxf4) 27. Nh4 ({Even stronger was} 27.
Ne7 Rd6 28. Re2 $1 {preparing Bxf7 and protecting the f2/pawn for this reason!}
) 27... Rd6 ({An unpleasant endgame followed} 27... Bc8 28. Nxg6+ fxg6 29. Qxg6
Qxf2+ 30. Kh2 Qf6 31. Qxf6 Rxf6 32. Re7 g5 33. Rc3 {and both white rooks will
control the 7th rank.}) 28. Bxf7 $1 {Grischuk made this move with 1 second
left on his clock!!} Rxf7 29. Nxg6+ Kh7 30. Nf8+ ({Black could continue the
fight with a pawn down after} 30. Nf4 Rdf6 31. Re6 Qd4 32. Rxf6 Qxf6 33. Nd3
Re7) 30... Kg8 31. Re8 $1 {Now White's attack will be too strong.} Qxf2+ 32.
Kh2 g5 33. Ne6+ Kh7 34. Nxg5+ ({Everything is winning, but the best was} 34.
Qh5) 34... hxg5 35. Qh5+ Rh6 36. Qxg5 1-0

[Event "EU-Cup 14th final"]
[Site "Belgrade"]
[Date "1999.01.12"]
[Round "2"]
[White "Macieja, Bartlomiej"]
[Black "Mikhalevski, Victor"]
[Result "1/2-1/2"]
[WhiteElo "2553"]
[BlackElo "2528"]
[Annotator "Mikhalevski,V"]
[PlyCount "43"]
[EventDate "1999.01.11"]
[EventType "team-k.o."]
[EventRounds "3"]
[EventCountry "YUG"]
[SourceTitle "EXT 2020"]
[Source "ChessBase"]
[SourceDate "2019.10.17"]
[SourceVersion "1"]
[SourceVersionDate "2019.10.17"]
[SourceQuality "1"]
[WhiteTeam "Warszawa Polonia"]
[BlackTeam "Beer-Sheva Chess Club"]
[WhiteTeamCountry "POL"]
[BlackTeamCountry "ISR"]

1. e4 e5 2. Nf3 Nc6 3. Bb5 a6 4. Ba4 Nf6 5. d3 d6 6. c3 g6 7. Bg5 h6 8. Bh4 ({
Immediate} 8. Bxf6 {doesn't promise much:} Qxf6 9. Bxc6+ bxc6 10. Qa4 Bd7 11.
Qa5 Ra7 12. Nbd2 Bg7 13. d4 exd4 14. cxd4 O-O 15. O-O Rb8 $132 {1/2-1/2
Akopian,V-Timman,J/Erevan 1996/EXT 97 (41)}) 8... Bg7 (8... Bd7 {It' not
necessary to spend time for this move. 8...Bg7/\0-0,Ne7 and c6 or b5 and Bb7
looks more logical.} 9. Nbd2 Bg7 10. Nf1 Ne7 11. Bb3 c6 12. Ne3 Qc7 13. Qc2 O-O
14. d4 Rfe8 15. dxe5 dxe5 16. Bxf6 $1 Bxf6 17. h4 $1 {The point of the
previous move.} Nc8 18. h5 g5 19. Rd1 Nb6 20. Nh2 Rad8 21. Qe2 Kg7 22. Qf3 Bc8
23. O-O Rxd1 24. Rxd1 Rd8 25. Rxd8 Qxd8 26. Nhg4 {+/- 1-0 Bronstein,D-Dely,P/
Moscow 1962/MCD (33)}) 9. Nbd2 O-O 10. Nf1 Ne7 11. Ne3 (11. Bxf6 {This time
White is not ready for a quick attack on the king side.Black meets 12.h4 with
12...h5 braking White's initiative.} Bxf6 12. h4 h5 $1 13. Ne3 Be6 14. Bb3 Qd7
15. Bxe6 Qxe6 16. Ng5 Bxg5 17. hxg5 Kg7 18. g4 hxg4 19. Qxg4 Qxg4 20. Nxg4 Rh8
21. Rxh8 Rxh8 22. Ke2 Ng8 23. Rg1 f6 24. gxf6+ Nxf6 25. Nxf6 Kxf6 {1/2-1/2
Nenashev,A-Kuzmin,A/Tashkent 1987/EXT 97 (25)}) 11... c6 12. O-O {N This
natural move is a novelty.In the preceding games White tried to refrain from
castling.It looks more flexible as an option of attack is still in the White's
hands.} (12. Bc2 Qc7 13. d4 Nh5 14. O-O Nf4 15. Bg3 Nh5 16. dxe5 dxe5 17. Nc4
Nxg3 18. hxg3 Rd8 {= 1/2-1/2 Mohrlok,D-Gligoric,S/Buesum 1969/EXT 98 (57)}) (
12. Bb3 $5 Kh7 {I think Black's king is situated better on h8(see main line)}
13. Qd2 Ng4 14. O-O-O Nxe3 $142 (14... g5 15. Bg3 f5 (15... Nxe3 $5) 16. Nxf5
Nxf5 17. exf5 Bxf5 18. Qe2 Nf6 19. h4 g4 20. Ng5+ $1 hxg5 21. hxg5+ Kg6 22.
gxf6 Bxf6 23. f3 $40 {1-0 Davies,N-Lukacs,P/Vrnjacka Banja 1988/EXT 97 (36)})
15. fxe3 (15. Qxe3 f5 $1 {Using White's queen.} 16. exf5 Nxf5 17. Bxd8 Nxe3 18.
fxe3 Rxd8 {=}) 15... f5) 12... Qc7 {taking the queen away from an unpleasant
pin.} (12... g5 $5 13. Bg3 Nh5 {was another trend,but I tried to play more
careful taking in consideration that draw is a normal result in team
competitions when you play as black.}) 13. Bb3 Kh8 $1 {preparing f7-f5} 14. Re1
Ng4 {Simplifing the position and cleaning a way for the f-pawn.} 15. d4 $1 {
Just in time.Otherwise Black would play f5 first taking initiative.} Nxe3 $5 ({
After} 15... f5 {White can obtain a slight advantage by exact moves order.} 16.
dxe5 $1 (16. Nxg4 fxg4 17. dxe5 $1 dxe5 (17... gxf3 $4 18. exd6 {+-}) 18. Nd2
g5 19. Bg3 h5 $132) 16... Nxe5 (16... dxe5 17. Bxe7 Qxe7 (17... Nxe3 $2 18. Qd6
$1 {+-}) 18. exf5 gxf5 $5 (18... Nxe3 19. Rxe3 Bxf5 (19... gxf5 $2 20. Nxe5 $1
Bxe5 21. Qh5 $1 Qg5 (21... Qf6 22. Rxe5) (21... Rf6 22. Rae1 {+-}) 22. Qxg5
Bxh2+ 23. Kxh2 hxg5 24. Re7 {-+}) 20. Qe2 Rae8 21. Re1 e4 22. Nd2 Qh4 23. Bc2
Bg4 24. Qf1 Be5 25. g3 {+/-}) 19. Nxg4 (19. Qe2 $5 Nxe3 20. Qxe3 e4 21. Rad1
Qf6 22. Nd4 {+=}) 19... fxg4 20. Nd2 {+=}) (16... Nxe3 $2 17. Qxd6 $1) 17. Nxe5
$1 (17. Bxe7 Qxe7 18. exf5 Bxf5 19. Nxe5 dxe5 (19... Bxe5 $2 20. f4 $1 {+-})
20. Qe2 {+=} (20. Nxf5 $5 gxf5 21. Qh5)) 17... dxe5 (17... Bxe5 $2 18. Bxe7
Qxe7 19. exf5 gxf5 (19... Bxf5 $2 20. f4 $1 {+-}) (19... Qf6 20. g3 $1) 20. Nc4
{+/-}) 18. exf5 $1 Nxf5 (18... gxf5 19. Qh5 $1) 19. Nxf5 Bxf5 (19... gxf5 20.
Qh5 $1) 20. Qe2 {+=}) 16. Rxe3 Bg4 $1 ({After} 16... f5 17. dxe5 dxe5 {White
has two options to obtain an advantage:} 18. Bxe7 (18. Qe2 $5 fxe4 (18... g5 $2
19. Bxg5 $1 hxg5 20. Nxg5 Bh6 21. Qh5 Kg7 (21... Rf6 22. Nf7+ Kg7 (22... Rxf7
23. Qxh6+) 23. Rg3+ Kf8 24. Nxh6 {+-}) (21... Qd6 22. Rh3 Kg7 23. Ne6+ Bxe6 24.
Qxh6+ Kf7 25. Rd1 $1 {+-}) 22. Rg3 {+-}) (18... f4 $6 19. Rd3 Bg4 20. h3 $1 {
Only this way.} (20. Rad1 g5 $1 {and it's difficult to find something decisive.
} 21. h3 $1 (21. Bxg5 hxg5 22. h3 (22. Nxg5 $4 Bxe2 23. Rh3+ Bh6 {-+}) 22...
Bxf3 23. Qxf3 Bf6 $1 24. Rd7 Qc8 $1 25. Qh5+ Kg7 26. R1d6 $140 Qe8 $1) 21...
Bxf3 22. Qxf3 Bf6 $3 {This important move saves Black.} 23. Rd7 Qc8 $1 {
Black has to control the e8-square after} 24. Qh5 (24. R1d6 Qe8 $1 25. Bg3 Nc8
$1) 24... Kg7 25. R1d6 Qe8 $1 (25... gxh4 $4 26. Rxe7+ Bxe7 27. Qxh6#)) 20...
Bxf3 21. Qxf3 Rad8 22. Rad1 {+= /+/- and White is better thanks to the strong
bishop on b3.})) 18... Qxe7 19. exf5 {+= see 15...f5}) 17. h3 Bxf3 18. Rxf3 f5
19. dxe5 (19. Bxe7 Qxe7 20. exf5 (20. dxe5 Bxe5 {leads into the game.}) 20...
gxf5 {=} (20... e4 $5)) 19... Bxe5 (19... dxe5 20. Rd3 $1 (20. Bxe7 Qxe7 21.
exf5 gxf5 {=}) 20... Rad8 21. exf5 $1 Rxd3 (21... gxf5 $2 22. Rxd8 Rxd8 23. Qh5
$1 {+/-}) 22. Qxd3 Nxf5 23. Bg3 {+=} (23. Qe4 $5) 23... Rd8 (23... Qb6 24. Kh2
(24. Bh2 $5)) 24. Qe4 $1 {+= White is still better ought to his strong bishop
on b3 and weakened position of the Black's king.}) 20. Bxe7 Qxe7 21. exf5 gxf5
$1 {This is better than 21...R:f5 as rook on f8 is much more mobile than its
colleage.} 22. Qd3 (22. Qd3 {After} f4 {White is slightly better,but Black's
position is very solid and draw is most likely result.} (22... Qg5 $143 {?} 23.
Bc2)) 1/2-1/2

[Event "ISR-ch"]
[Site "Ramat Aviv"]
[Date "1998.11.22"]
[Round "5.1"]
[White "Liss, Eran"]
[Black "Mikhalevski, Victor"]
[Result "1-0"]
[WhiteElo "2505"]
[BlackElo "2540"]
[Annotator "Mikhalevski,V"]
[PlyCount "73"]
[EventDate "1998.11.08"]
[EventType "k.o."]
[EventRounds "5"]
[EventCountry "ISR"]
[SourceTitle "CBM 068"]
[Source "ChessBase"]
[SourceDate "1999.02.01"]
[SourceVersion "1"]
[SourceVersionDate "1999.02.01"]
[SourceQuality "1"]

{This was the first game of the final of The Israel Championship and I had
prepared an interesting exchange sacrifice.} 1. e4 e5 2. Nf3 Nc6 3. Bb5 a6 4.
Ba4 Nf6 5. d3 d6 6. c3 g6 7. Nbd2 Bg7 8. O-O O-O 9. Re1 Nd7 {[%cal Gd7c5,Gc5e6]
} 10. Nf1 Nc5 {[%cal Gc5e6]} 11. Bxc6 ({Another option is} 11. Bc2 Ne6) 11...
bxc6 12. d4 {First important decision has to be made.} Nd7 {More quiet move.
Black keep the centre and prepare c6-c5.} (12... exd4 {It's difficult to say
which move is better,but this time I decided to go for a close position.} 13.
cxd4 Ne6 (13... Nd7 14. Bg5 Qe8 15. Qc2 Nb6 16. Rac1 Bb7 17. e5 Qb8 18. Ne3 Re8
19. Qb3 Nd5 20. Nxd5 cxd5 21. exd6 Rxe1+ 22. Rxe1 cxd6 {1/2-1/2 Ugrinovic,
D-Karaklajic,N/Belgrade 1959/MCD (22)}) 14. b3 c5 15. Bb2 Bb7 16. Qd2 cxd4 17.
Nxd4 Nc5 18. Ng3 Re8 19. f3 c6 $1 {[%cal Gd8b6]} 20. Rac1 Qb6 21. Kh1 a5 $11 {
0-1 Kosashvili,Y-Comp Junior/Kfar Saba 1996/EXT 99 (44)}) 13. Ng3 (13. dxe5
Nxe5 14. Nxe5 Bxe5 15. Be3 Rb8 16. Qd2 Bg7 17. Bd4 f6 18. c4 c5 {1/2-1/2
Vujosevic,V-Djuric,S/Cetinje 1991/EXT 98 (18)}) (13. Bg5 Qe8 14. Qd2 c5 15. Bh6
Bb7 16. Bxg7 Kxg7 17. dxe5 Nxe5 18. Nxe5 Qxe5 19. f3 Rfe8 20. Ne3 $14 {1/2-1/2
Tondivar,B-Mikhalevski,A/Leeuwarden 1994/EXT 97 (30)}) 13... c5 $1 (13... Re8
$5 14. Be3 Bb7 15. Qd2 Qe7 16. Rad1 a5 17. dxe5 Nxe5 18. Nxe5 Bxe5 19. f4 $5 (
19. Bd4 $6 Bxg3 20. hxg3 c5 21. Be3 Qxe4 22. f3 Qc6 23. c4 f6 24. g4 g5 25.
Bxg5 fxg5 26. Qxg5+ Kf7 {1/2-1/2 Vujosevic,V-Todorovic,G/Banja Vrucica 1991/
EXT 97 (26)})) 14. Bg5 f6 $3 $146 {[%mdl 520]} ({Several days before this game
my friend V.Golod had played} 14... Qe8 15. dxe5 Nxe5 16. Nxe5 Qxe5 {waiting
for 17.f4,but Eran prepared an improvement and won.This time was my turn  to
show an improvement and I succeeded to find 14...f6!!} 17. Qd2 $5 $146 (17. f4
Qe8 18. f5 Qe5 19. Qg4 Re8 20. Rf1 Rb8 21. Rf2 d5 22. Bf4 Qe7 23. exd5 h5 24.
Qd1 h4 25. d6 cxd6 26. Re2 Qd8 27. Qxd6 Rxb2 28. Rd1 Qxd6 29. Rxe8+ Qf8 30.
Rxf8+ Bxf8 31. Ne4 Bxf5 32. Nf6+ Kg7 33. Ne8+ Kh8 34. Rd8 Be7 35. Ra8 Be4 36.
Rc8 Kh7 37. Be5 g5 38. Nf6+ Bxf6 39. Bxf6 Kg6 40. Be5 Rxg2+ 41. Kf1 Rxa2 42.
Rxc5 g4 43. Bf4 f6 44. Rc8 g3 45. hxg3 h3 {0-1 Liss,E-Mikhalevski,A/Rishon Le
Zion 1997/CBM 62 ext (45)}) 17... Re8 18. f4 Qe6 19. f5 Qe5 20. Rf1 Rb8 21. f6
Bh8 22. Rae1 c4 23. Be3 Qa5 24. Bd4 Qxa2 25. Re2 c5 26. Be3 Re6 27. e5 Qa5 28.
Nf5 dxe5 29. Ne7+ Kf8 30. Bh6+ Ke8 31. Rd1 Bxf6 32. Nxc8 Qc7 33. Nd6+ Ke7 34.
Ne4 Bh8 35. Ng5 Reb6 36. Qd5 Ke8 37. Rf1 Qb7 38. Qxf7+ Qxf7 39. Nxf7 Bf6 40.
Nxe5 {1-0 Liss,E-Golod,V/Ramat Aviv ISR 1998 (40)}) 15. Be3 {Liss doesn't take
chances.} (15. dxe5 {after} fxg5 16. Qd5+ Kh8 17. Qxa8 g4 18. Nd2 Nxe5 $44 {
[%cal Ge5d3,Gh7h5] leads to an interesting position with positional 
compensation for a sacrificed exchange.}) 15... Qe7 $1 ({After} 15... cxd4 $6
16. cxd4 {[%cal Ga1c1] the c7-pawn has become very weak.}) 16. Qd2 {[%cal
Ga1d1,Ge3h6]} ({In case of} 16. dxc5 $5 Nxc5 17. Bxc5 dxc5 {[%cal Gc8e6] black
looks OK.}) 16... a5 $1 {preparing Nb6.} ({Immediate} 16... Nb6 $6 {is met with
} 17. dxc5 dxc5 18. b4 $1 Nc4 $140 19. Bxc5 $1) 17. Bh6 Nb6 18. Bxg7 Kxg7 {
[%cal Gc8g4]} 19. h3 Be6 20. b3 cxd4 $1 21. cxd4 c5 $1 {The point of a
previous move.White has very unpleasant choice:1)to take on c5 that will let
to attack queen side pawns by a5-a4(maybe it was the best choice) or 2)to
close centre making f6-f5 blow very strong.} 22. d5 (22. dxc5 dxc5 $15 {
[%cal Ga5a4]}) 22... Bg8 $5 {[%csl Rd5][%cal Gf6f5]} (22... Bd7 {was possible,
but I decided to go for maximum.}) 23. Nh2 {[%cal Gh2g4] What else?} f5 24.
exf5 gxf5 25. Nh5+ Kh8 $1 (25... Kg6 26. Nf4+ Kg7 27. Nh5+ {wasn't my idea as
I knew that I'm better.}) 26. Qh6 {The d5-pawn is lost and white tries to
create counterplay.} (26. f4 Qh4 $1 27. Qb2 (27. fxe5 Qxh5 28. e6 Qg6 {and
compensation is probably not enough.}) 27... Qxh5 28. Rxe5 Qg6 $1 {and black
wins.}) 26... Bxd5 (26... Nxd5 $5 27. Rad1 Rad8 (27... Nf6 $5 28. Rxd6 $140 $2
Nxh5)) 27. Rad1 Rg8 $4 {[%mdl 8192] This is the move that probably cost me the
title of Israel Champion.I saw white's idea,but couldn't believe it.} (27...
Rad8 $1 $17 {with an idea} 28. Nf4 Qf7 $1 {gives a clear advantage for black.}
29. Nxd5 Nxd5 30. Nf3 Qf6 $1 31. Qxf6+ Nxf6 32. Ng5 Rd7 $17) 28. Nf4 Bxg2 $2 (
28... Be4 $142 $13 {I should recognize that my previous move was a mistake,but
I couldn't stop.}) 29. Rxd6 $1 {[%cal Gf4g6] Only now I realised that this
idea is much stronger I have expected.Unfortunately it's too late.} ({
Certainly not} 29. Nxg2 $2 Rg6 {[%cal Ga8g8] and black wins.}) 29... Be4+ {
The only chance to continue.} (29... Qg7 30. Qxg7+ Rxg7 31. Nxg2 Rag8 32. Rxb6
Rxg2+ 33. Kh1 Rxf2 34. Rxe5 $18 Rxa2 $140 35. Rxf5) (29... Bxh3+ 30. Ng6+ Rxg6+
31. Rxg6 Nd5 32. Nf3 $1 $18 (32. Rg3 $5)) 30. Ng6+ Rxg6+ 31. Rxg6 Nd5 32. f3
Nf4 $1 33. Rg3 (33. Rg5 $4 Qxg5+) (33. fxe4 $5 Nxg6 34. exf5 Nh4 $1 (34... Rg8
35. Ng4 Qh4 36. Re3 $1) (34... Qh4 35. Qe3 $1 Nf4 36. Qxe5+ Kg8 37. Kh1 $1 $18
{[%cal Ge1g1]}) 35. f6 Rg8+ 36. Ng4 Nf3+ 37. Kf2 Qb7 38. Re3 $16) 33... Bd3 (
33... Bd5 {was more stubborn,but of course couldn't save.} 34. Nf1 $1 {[%cal
Gf1e3]}) 34. Kh1 $1 $18 {[%cal Ge1g1]} Ra6 35. Reg1 (35. Rxe5 $5 $18) 35... Qf7
$8 36. Qh4 $1 {[%cal Gh4d8]} Ne6 (36... h6 37. Qd8+ Kh7 38. Rg8) (36... Rg6 37.
Rxg6 Nxg6 38. Qd8+ {[%cal Gd8d3]}) 37. Qf6+ $1 {Very upseting game.A good play
at the opening was crossed out by one inaccurate move.Nevertheless a revenge
didn't cram to waite,but that is an another story.} 1-0